000 00417nam a2200181Ia 4500
008 090124s9999 xx 000 0 und d
082 _b2026
100 _aROY M.N.
245 _aTHE RUSSIAN REVOLUTION
250 _a0
260 _bD.M. LIBRARY
_c1937
300 _a98
600 _aROY M.N.
630 _aTHE RUSSIAN REVOLUTION
700 _aROY M.N.
730 _aTHE RUSSIAN REVOLUTION
942 _cBOOK
999 _c82169
_d82169